| 000 | 00387nam a2200145Ia 4500 | ||
|---|---|---|---|
| 005 | 20250729165804.0 | ||
| 008 | 250729s2017 xx 000 0 und d | ||
| 041 | _aeng | ||
| 082 | _a370.25 SMIM | ||
| 100 |
_aD.Smith _9233019 |
||
| 245 | _aMeasurement and Evaluvation In Secondaryb Schools | ||
| 260 |
_aNew Delhi _bCommon Wealth _c2017 |
||
| 300 | _a363p | ||
| 650 |
_aEducation _9233020 |
||
| 999 |
_c240072 _d240072 |
||